| 000 | 01469nam a2200325 i 4500 | ||
|---|---|---|---|
| 001 | 185135 | ||
| 003 | SpMaBN | ||
| 005 | 20250812063132.0 | ||
| 008 | 160323e1995 sp aco s||| |dspa d | ||
| 017 |
_aM 37576-1995 _bOficina Depósito Legal Madrid |
||
| 020 | _a84-88802-13-7 | ||
| 080 | _a342.531(460)(091) | ||
| 110 | 1 |
_aEspaña. _bCortes Generales. _bSenado. _eisb _93674 |
|
| 245 | 1 | 3 |
_aEl Senado en la historia / _ccoordinador, Manuel Pérez Ledesma ; autores, Miguel Artola, Pablo Fernández Albaladejo, Rafael Flaquer Montequi ... [et al.] |
| 260 |
_aMadrid : _bDirección de Estudios y Documentación, Secretaría General del Senado, _c[1995] |
||
| 300 |
_a470 páginas : _bilustraciones (color) ; _c30 cm |
||
| 500 | _aCronología: páginas 401-465 | ||
| 504 | _aBibliografía: páginas 393-399 | ||
| 650 | 4 |
_aCámaras altas (Parlamentos)- _zEspaña- _vHistoria _9159212 |
|
| 700 | 1 |
_aPérez Ledesma, Manuel, _d1944-2018 _ecoor _990962 |
|
| 700 | 1 |
_aArtola, Miguel, _d1923-2020 _eaut _923497 |
|
| 700 | 1 |
_aFernández Albaladejo, Pablo, _d1946- _eaut _949444 |
|
| 700 | 1 |
_aFlaquer Montequi, Rafael _eaut _9159214 |
|
| 710 | 1 |
_aEspaña. _bSecretaría General del Senado _eedt _9159215 |
|
| 852 | 4 |
_aES-MaACL _bR.150829 _cDEPO1 _dOlim: N-6660 _hDonación Real Academia Española _jA-13660 _xTela _9192154 |
|
| 914 |
_96336 _aReal Academia Española |
||
| 942 |
_2udc _cMONOGRAFIA _n0 |
||
| 999 |
_c185135 _d185135 |
||